Venezia FC Squad 2021-2022 - Statistics

General Stats
  • This quiz has been taken 52 times
    40 since last reset
  • The average score is 18 of 40
Answer Stats
# Position Nation Player % Correct
27 MF United States Gianluca Busio
90%
77 FW Nigeria David Okereke
83%
44 DF Wales Ethan Ampadu
83%
14 FW France Thomas Henry
83%
10 MF Italy Mattia Aramu
79%
- Coach Italy Paolo Zanetti
76%
55 DF Suriname Ridgeciano Haps
76%
31 DF Italy Mattia Caldara
72%
1 GK Finland Niki Mäenpää
72%
17 FW Norway Dennis Johnsen
69%
32 DF Italy Pietro Ceccaroni
69%
88 GK Argentina Sergio Romero
62%
42 MF Israel Dor Peretz
55%
30 DF Austria Michael Svoboda
55%
20 FW Portugal Nani
55%
8 MF United States Tanner Tessmann
52%
34 GK Brazil Bruno Bertinato
48%
33 MF Slovenia Domen Črnigoj
41%
12 GK Italy Luca Lezzerini
41%
13 DF Italy Marco Modolo
41%
7 DF Italy Pasquale Mazzocchi
41%
9 FW Italy Francesco Forte
38%
9 FW Cameroon Jean-Pierre Nsame
38%
21 MF France Michaël Cuisance
38%
22 DF Nigeria Tyronne Ebuehi
38%
5 MF Italy Antonio Junior Vacca
34%
19 FW Iceland Bjarki Steinn Bjarkason
31%
16 MF Italy Luca Fiordilino
31%
11 MF Iceland Arnór Sigurðsson
28%
3 DF Italy Cristian Molinaro
28%
19 DF Austria Maximilian Ullmann
28%
23 MF Morocco Sofian Kiyine
28%
28 DF Austria David Schnegg
24%
18 MF Belgium Daan Heymans
21%
25 GK Italy Filippo Neri
21%
24 FW Italy Riccardo Bocalon
21%
37 DF Czech Republic Aleš Matějů
17%
39 FW Italy Gianmarco Zigoni
14%
6 MF Italy Jacopo Dezi
10%
21 MF Finland Lauri Ala-Myllymäki
10%
No matching quizzes found
Score Distribution
Percent of People with Each Score
Percentile by Number Answered
Your Score History
You have not taken this quiz since the last reset